[Event "Madrid-ch 2018-2019 - Previa A"]
[Site "Madrid ESP"]
[Date "2019.02.08"]
[Round "4.8"]
[White "De Luna Butz, Alberto"]
[Black "Viñas Lopez, Carlos"]
[Result "1/2-1/2"]
[WhiteElo "1813"]
[BlackElo "1942"]
[PlyCount "67"]
[EventDate "2019.02.04"]
[EventType "swiss"]
[EventRounds "9"]
[EventCountry "ESP"]
[SourceTitle "Ajedrez en Madrid"]
[Source "lmi"]
[SourceDate "2019.02.04"]
[SourceVersion "1"]
[SourceVersionDate "2019.02.22"]
[SourceQuality "1"]

1. e4 c5 2. Nf3 e6 3. d3 Nc6 4. g3 g6 5. Bg2 Bg7 6. O-O d6 7. c3 Nge7 8. Re1
O-O 9. Nbd2 Rb8 10. a4 a6 11. Nf1 b5 12. axb5 axb5 13. d4 cxd4 14. cxd4 d5 15.
e5 Qb6 16. Be3 Nf5 17. Qd2 Bd7 18. b4 Ra8 19. Qc3 Ra4 20. Reb1 Rfa8 21. Rxa4
Rxa4 22. Bh3 Bf8 23. Bxf5 exf5 24. Qc1 Rxb4 25. Rxb4 Bxb4 26. N1d2 Na5 27. h4
h5 28. Qb2 Bf8 29. Qa2 Be6 30. Nb3 Nc4 31. Bg5 Na3 32. Nc5 b4 33. Qb3 Qb5 34.
Bd2 1/2-1/2

[Event "Madrid-ch 2018-2019 - Previa A"]
[Site "Madrid ESP"]
[Date "2019.02.08"]
[Round "4.9"]
[White "Rodriguez Garcia, Alberto"]
[Black "Alvarez Abejon, Amilcar"]
[Result "1-0"]
[WhiteElo "1792"]
[BlackElo "1919"]
[PlyCount "63"]
[EventDate "2019.02.04"]
[EventType "swiss"]
[EventRounds "9"]
[EventCountry "ESP"]
[SourceTitle "Ajedrez en Madrid"]
[Source "lmi"]
[SourceDate "2019.02.04"]
[SourceVersion "1"]
[SourceVersionDate "2019.02.22"]
[SourceQuality "1"]

1. d4 d5 2. c4 c6 3. e3 Nf6 4. Nf3 e6 5. Bd3 Nbd7 6. O-O dxc4 7. Bxc4 b5 8. Bd3
a6 9. b3 Bb7 10. Bb2 Be7 11. Nbd2 c5 12. Rc1 Rc8 13. Qe2 O-O 14. Rfd1 Qb6 15.
e4 cxd4 16. Bxd4 Bc5 17. Bxc5 Nxc5 18. e5 Nxd3 19. Qxd3 Rxc1 20. Rxc1 Rd8 21.
Qe2 Nd5 22. g3 Ne7 23. b4 Nf5 24. Nb3 Bd5 25. Rc3 h6 26. g4 Ne7 27. a3 Ng6 28.
Nc5 Qc6 29. Nd2 Nf4 30. Qe3 g5 31. Nce4 Bxe4 32. Rxc6 1-0

[Event "Madrid-ch 2018-2019 - Previa A"]
[Site "Madrid ESP"]
[Date "2019.02.08"]
[Round "4.11"]
[White "Vazquez Gonzalez, Jesus"]
[Black "Barahona Torrijos, Angel"]
[Result "1/2-1/2"]
[WhiteElo "1916"]
[BlackElo "1714"]
[PlyCount "126"]
[EventDate "2019.02.04"]
[EventType "swiss"]
[EventRounds "9"]
[EventCountry "ESP"]
[SourceTitle "Ajedrez en Madrid"]
[Source "lmi"]
[SourceDate "2019.02.04"]
[SourceVersion "1"]
[SourceVersionDate "2019.02.22"]
[SourceQuality "1"]

1. e4 e5 2. Nf3 Nc6 3. Bc4 Nf6 4. Ng5 d5 5. exd5 b5 6. Bf1 Nd4 7. c3 Nxd5 8.
cxd4 Qxg5 9. Bxb5+ Kd8 10. O-O Bb7 11. Qf3 Bd6 12. d3 Qg6 13. dxe5 Bxe5 14. d4
Bd6 15. Nc3 c6 16. Bd3 Qf6 17. Qxf6+ Nxf6 18. Bg5 h6 19. Bxf6+ gxf6 20. Ne4 Be7
21. Nc5 Bxc5 22. dxc5 Bc8 23. Bc4 Be6 24. Rad1+ Kc7 25. Bxe6 fxe6 26. Rd6 Rhe8
27. Rfd1 Re7 28. b4 a5 29. a3 axb4 30. axb4 Ra4 31. R6d4 e5 32. Rh4 Rd7 33.
Rxd7+ Kxd7 34. g3 Ke6 35. Kg2 h5 36. h3 f5 37. Rxh5 Rxb4 38. Rh6+ Kd5 39. Rf6
Kxc5 40. Rxf5 Kd4 41. Rf8 c5 42. Rd8+ Ke4 43. h4 c4 44. h5 c3 45. h6 Rb7 46.
Rc8 Kd3 47. g4 c2 48. g5 Rh7 49. Kg3 Rh8 50. Rc7 Kd2 51. Kg4 c1=Q 52. Rxc1 Kxc1
53. Kf5 Kd2 54. Kxe5 Ke2 55. f4 Kf3 56. f5 Kg4 57. g6 Kg5 58. h7 Re8+ 59. Kd6
Kf6 60. Kd7 Ra8 61. Kd6 Rd8+ 62. Kc7 Ra8 63. Kd6 Rd8+ 1/2-1/2

[Event "Madrid-ch 2018-2019 - Previa A"]
[Site "Madrid ESP"]
[Date "2019.02.08"]
[Round "4.13"]
[White "Cujba, Anca-Claudia"]
[Black "Lopez de Turiso, Jose Angel"]
[Result "0-1"]
[WhiteElo "1576"]
[BlackElo "1970"]
[PlyCount "102"]
[EventDate "2019.02.04"]
[EventType "swiss"]
[EventRounds "9"]
[EventCountry "ESP"]
[SourceTitle "Ajedrez en Madrid"]
[Source "lmi"]
[SourceDate "2019.02.04"]
[SourceVersion "1"]
[SourceVersionDate "2019.02.22"]
[SourceQuality "1"]

1. d4 d5 2. Nf3 e6 3. e3 Nd7 4. Be2 Bd6 5. b3 c6 6. Bb2 f5 7. Ne5 Ngf6 8. Bh5+
g6 9. Be2 Qc7 10. Nf3 e5 11. dxe5 Nxe5 12. Nxe5 Bxe5 13. Bxe5 Qxe5 14. Qd4 Qe7
15. O-O c5 16. Qh4 Bd7 17. Nc3 a6 18. Rad1 Bc6 19. Bf3 O-O-O 20. Na4 Bxa4 21.
Qxa4 Ne4 22. Qa5 Qc7 23. Qxc7+ Kxc7 24. Bxe4 dxe4 25. Rfe1 Kc6 26. Kf1 Kb5 27.
a3 c4 28. Ke2 a5 29. Rd4 Rxd4 30. exd4 Rd8 31. Ke3 a4 32. Rb1 cxb3 33. cxb3
axb3 34. Rxb3+ Kc6 35. a4 Ra8 36. Rb4 Ra5 37. g4 fxg4 38. Kxe4 Rh5 39. Rb2 Rxh2
40. d5+ Kc7 41. Kf4 h5 42. Kg3 Rh3+ 43. Kf4 Rd3 44. Ke4 Ra3 45. Rb4 Rf3 46. Rb2
h4 47. a5 h3 48. d6+ Kxd6 49. Rxb7 h2 50. Rh7 Rh3 51. Rxh3 gxh3 0-1

[Event "Madrid-ch 2018-2019 - Previa A"]
[Site "Madrid ESP"]
[Date "2019.02.08"]
[Round "4.15"]
[White "Perez Agusti, Luis"]
[Black "Cano Mercado, Francisco Manuel"]
[Result "1/2-1/2"]
[WhiteElo "1934"]
[BlackElo "1739"]
[PlyCount "147"]
[EventDate "2019.02.04"]
[EventType "swiss"]
[EventRounds "9"]
[EventCountry "ESP"]
[SourceTitle "Ajedrez en Madrid"]
[Source "lmi"]
[SourceDate "2019.02.04"]
[SourceVersion "1"]
[SourceVersionDate "2019.02.22"]
[SourceQuality "1"]

1. d4 Nf6 2. Nf3 g6 3. Bf4 Bg7 4. e3 d6 5. Be2 O-O 6. O-O Nbd7 7. h3 b6 8. b4
Nd5 9. c3 Nxf4 10. exf4 c5 11. bxc5 bxc5 12. Qa4 Bb7 13. Nbd2 Qc7 14. Rab1 Bc6
15. Qa3 Rab8 16. Rb3 Bd5 17. Rb5 Rxb5 18. Bxb5 cxd4 19. cxd4 Nf6 20. Rc1 Qb7
21. Bd3 Rb8 22. f5 Bh6 23. fxg6 hxg6 24. Rb1 Qa8 25. Rxb8+ Qxb8 26. Bc4 Qc7 27.
Qa4 Bxc4 28. Qxc4 Qa5 29. Qe2 Nd5 30. Nb3 Qc3 31. Qb5 Nf4 32. Qe8+ Kg7 33. Qxe7
Nxh3+ 34. Kf1 Qd3+ 35. Qe2 Qb1+ 36. Ne1 Nf4 37. Qc2 Qxc2 38. Nxc2 Kf6 39. Na3
Nd5 40. Nb5 Nb4 41. a4 Ke6 42. Nxa7 Kd5 43. Ke2 Kc4 44. Na5+ Kxd4 45. Nb7 d5
46. Nd6 f6 47. Nac8 Kc3 48. Nb5+ Kc4 49. Ncd6+ Kc5 50. Ne8 f5 51. Nbc7 Nc6 52.
g3 d4 53. Nf6 Kb4 54. Kd3 Bg7 55. Nfe8 Be5 56. f4 Bxc7 57. Nxc7 Kxa4 58. Kc4
Ka5 59. Ne6 Kb6 60. Nxd4 Ne7 61. Nf3 Kc6 62. Nh4 Kd6 63. Kd4 Nc6+ 64. Kc4 Ne7
65. Kb5 Ke6 66. Kc5 Kd7 67. Nf3 Ke6 68. Nd4+ Kd7 69. Nf3 Ke6 70. Ng5+ Kd7 71.
Nf7 Ke6 72. Ne5 g5 73. Kd4 gxf4 74. gxf4 1/2-1/2

[Event "Madrid-ch 2018-2019 - Previa A"]
[Site "Madrid ESP"]
[Date "2019.02.08"]
[Round "4.17"]
[White "De La Fuente Ebro, Miguel"]
[Black "Martin Vazquez, Jose Luis"]
[Result "1/2-1/2"]
[WhiteElo "1689"]
[BlackElo "1832"]
[PlyCount "35"]
[EventDate "2019.02.04"]
[EventType "swiss"]
[EventRounds "9"]
[EventCountry "ESP"]
[SourceTitle "Ajedrez en Madrid"]
[Source "lmi"]
[SourceDate "2019.02.04"]
[SourceVersion "1"]
[SourceVersionDate "2019.02.22"]
[SourceQuality "1"]

1. d4 Nf6 2. c4 g6 3. Nc3 Bg7 4. e4 d6 5. Nf3 O-O 6. Bd3 e5 7. d5 c6 8. O-O
cxd5 9. cxd5 Nh5 10. Bg5 f6 11. Be3 Nf4 12. Bxf4 exf4 13. h3 f5 14. Rc1 g5 15.
exf5 Bxf5 16. Bxf5 Rxf5 17. Nd4 Bxd4 18. Qxd4 1/2-1/2

[Event "Madrid-ch 2018-2019 - Previa A"]
[Site "Madrid ESP"]
[Date "2019.02.08"]
[Round "4.18"]
[White "Lizon Martinez, Santiago"]
[Black "Rueda Maria, Ramiro"]
[Result "1/2-1/2"]
[WhiteElo "1663"]
[BlackElo "1820"]
[PlyCount "132"]
[EventDate "2019.02.04"]
[EventType "swiss"]
[EventRounds "9"]
[EventCountry "ESP"]
[SourceTitle "Ajedrez en Madrid"]
[Source "lmi"]
[SourceDate "2019.02.04"]
[SourceVersion "1"]
[SourceVersionDate "2019.02.22"]
[SourceQuality "1"]

1. e4 e5 2. Nf3 Nc6 3. Bb5 a6 4. Ba4 Nf6 5. d3 d6 6. c3 Be7 7. O-O O-O 8. Re1
Nb8 9. Nbd2 b5 10. Bc2 Nbd7 11. Nf1 Re8 12. Bg5 Nf8 13. a4 Bb7 14. Ng3 Ne6 15.
Bc1 g6 16. Bb3 Bf8 17. Ng5 Nxg5 18. Bxg5 Bg7 19. Qf3 Bc6 20. axb5 Bxb5 21. Rad1
Qe7 22. Nf1 Bd7 23. Ne3 c6 24. h3 Rab8 25. Bc4 Rxb2 26. Bxa6 Be6 27. Bc4 h6 28.
Bh4 g5 29. Bg3 Reb8 30. Nf5 Qd7 31. Nxh6+ Bxh6 32. Qxf6 Kh7 33. Bxe6 fxe6 34.
Qf3 Rf8 35. Qg4 Qa7 36. Rf1 Rf6 37. Ra1 Ra2 38. Rxa2 Qxa2 39. d4 exd4 40. cxd4
Qd2 41. Rd1 Qc2 42. e5 dxe5 43. dxe5 Rg6 44. Rd7+ Bg7 45. Qh5+ Kg8 46. Qf3 c5
47. Rd8+ Kh7 48. Qh5+ Bh6 49. Rd7+ Rg7 50. Rd6 Qf5 51. Qe8 Rg6 52. Qc6 Bf8 53.
Rd7+ Rg7 54. Rd8 Qf7 55. Qe4+ Kg8 56. Rd3 Qb7 57. Qc4 Qf7 58. Rf3 Qd7 59. Rf6
Qd5 60. Qg4 c4 61. Rxe6 c3 62. Qf5 Qd1+ 63. Kh2 c2 64. Re8 Rf7 65. Qg6+ Rg7 66.
Qe6+ Rf7 1/2-1/2

[Event "Madrid-ch 2018-2019 - Previa A"]
[Site "Madrid ESP"]
[Date "2019.02.08"]
[Round "4.20"]
[White "Corral Aragon, Juan Maria"]
[Black "Boni De Aristizabal, Marco"]
[Result "1/2-1/2"]
[WhiteElo "1789"]
[BlackElo "1662"]
[PlyCount "107"]
[EventDate "2019.02.04"]
[EventType "swiss"]
[EventRounds "9"]
[EventCountry "ESP"]
[SourceTitle "Ajedrez en Madrid"]
[Source "lmi"]
[SourceDate "2019.02.04"]
[SourceVersion "1"]
[SourceVersionDate "2019.02.22"]
[SourceQuality "1"]

1. e4 c6 2. d4 d5 3. exd5 cxd5 4. Nf3 Nc6 5. c4 Bg4 6. Be3 e6 7. c5 Nf6 8. Qb3
Qc7 9. Nbd2 Be7 10. Bb5 O-O 11. Bxc6 bxc6 12. Ne5 Rab8 13. Qa4 Rb5 14. b4 Bf5
15. O-O Ng4 16. Bf4 Qb7 17. a3 Ra8 18. Qd1 Nxe5 19. Bxe5 a5 20. bxa5 Rbxa5 21.
g4 Bg6 22. f4 f6 23. Bd6 Bxd6 24. cxd6 Qd7 25. a4 Qxd6 26. Nb3 Rxa4 27. Rxa4
Rxa4 28. Nc5 Ra7 29. Qe2 Re7 30. Qf2 h6 31. h4 Rf7 32. Re1 e5 33. dxe5 fxe5 34.
Rxe5 Qxe5 35. fxe5 Rxf2 36. Kxf2 Kf8 37. Ke3 Ke7 38. Kd4 Bf7 39. Nd3 Be6 40. g5
hxg5 41. hxg5 Bf5 42. Nf4 g6 43. Kc5 Kd7 44. Ne2 Ke6 45. Nd4+ Kxe5 46. Nxc6+
Ke4 47. Nd4 Kf4 48. Kxd5 Kxg5 49. Ke5 Kg4 50. Kf6 Bd3 51. Ne6 Bf5 52. Ng5 Kf4
53. Ne6+ Bxe6 54. Kxg6 1/2-1/2

[Event "Madrid-ch 2018-2019 - Previa A"]
[Site "Madrid ESP"]
[Date "2019.02.08"]
[Round "4.23"]
[White "Fernandez Garcia, Ignacio"]
[Black "Becerra Baigorri, Jose"]
[Result "1-0"]
[WhiteElo "1744"]
[BlackElo "1479"]
[PlyCount "89"]
[EventDate "2019.02.04"]
[EventType "swiss"]
[EventRounds "9"]
[EventCountry "ESP"]
[SourceTitle "Ajedrez en Madrid"]
[Source "lmi"]
[SourceDate "2019.02.04"]
[SourceVersion "1"]
[SourceVersionDate "2019.02.22"]
[SourceQuality "1"]

1. e4 e5 2. Nf3 Nc6 3. Bc4 Bc5 4. c3 Nf6 5. O-O O-O 6. b4 Bb6 7. a4 a6 8. Qe2
d6 9. d3 Bg4 10. Bg5 h6 11. Be3 Ba7 12. b5 Bxe3 13. fxe3 axb5 14. Bxb5 Na5 15.
Nbd2 Be6 16. d4 c6 17. Bd3 Qc7 18. c4 b6 19. h3 Nb7 20. Rf2 c5 21. Bc2 Bd7 22.
Nh4 cxd4 23. exd4 b5 24. Raf1 Nh7 25. axb5 Bxb5 26. cxb5 Qxc2 27. Nf5 Kh8 28.
Qg4 Rg8 29. Qh4 f6 30. Ne7 Rge8 31. Nf3 Qc7 32. Nd5 Qd8 33. Qg4 exd4 34. Nxd4
Ng5 35. Nxf6 Rf8 36. h4 Rxf6 37. Rxf6 gxf6 38. hxg5 Qb6 39. Rd1 hxg5 40. Kh2
Qc7 41. Kg1 Qc5 42. Qe6 Qe5 43. Qh3+ Kg8 44. Qb3+ Kg7 45. Nf5+ 1-0

[Event "Madrid-ch 2018-2019 - Previa A"]
[Site "Madrid ESP"]
[Date "2019.02.08"]
[Round "4.24"]
[White "Rodriguez Bachiller, Luis"]
[Black "Garcia Prados, David"]
[Result "1/2-1/2"]
[WhiteElo "1635"]
[BlackElo "1880"]
[PlyCount "134"]
[EventDate "2019.02.04"]
[EventType "swiss"]
[EventRounds "9"]
[EventCountry "ESP"]
[SourceTitle "Ajedrez en Madrid"]
[Source "lmi"]
[SourceDate "2019.02.04"]
[SourceVersion "1"]
[SourceVersionDate "2019.02.22"]
[SourceQuality "1"]

1. e4 e5 2. Nf3 Nc6 3. Bb5 a6 4. Bxc6 dxc6 5. d4 exd4 6. Qxd4 Qxd4 7. Nxd4 Bd7
8. Be3 O-O-O 9. Nd2 g6 10. O-O-O Bg7 11. N2b3 b6 12. Ne2 Ne7 13. f3 Rhe8 14.
Rhe1 f5 15. exf5 Bxf5 16. Rxd8+ Rxd8 17. Bg5 Rd7 18. Ned4 c5 19. Ne6 Bxe6 20.
Rxe6 Nf5 21. g4 Bh6 22. Bxh6 Nxh6 23. Nd2 Rf7 24. Kd1 Kd7 25. Re3 Ng8 26. Ke2
Re7 27. Rxe7+ Nxe7 28. c4 Nc6 29. Ke3 Ke6 30. Ke4 Ne5 31. b3 g5 32. Nf1 c6 33.
Ne3 b5 34. a4 Ng6 35. Ng2 Nf8 36. f4 h6 37. f5+ Kd6 38. h4 Nd7 39. hxg5 hxg5
40. Ne1 Nf6+ 41. Kf3 Ke5 42. Nc2 b4 43. a5 Ne4 44. Ke3 Nc3 45. Kf3 Na2 46. Ke3
Nc3 47. Ne1 Na2 48. Nd3+ Kd6 49. f6 Ke6 50. Nxc5+ Kxf6 51. Nxa6 Ke6 52. Nb8 Kd6
53. a6 Kc7 54. a7 Kb7 55. Kd4 Nc1 56. Nxc6 Nxb3+ 57. Ke5 Nd2 58. Kf5 b3 59.
Na5+ Kxa7 60. Nxb3 Nxb3 61. Kxg5 Nd4 62. Kf6 Nf3 63. Ke6 Kb6 64. Kd6 Kb7 65. c5
Kc8 66. c6 Ng5 67. c7 Nf3 1/2-1/2

[Event "Madrid-ch 2018-2019 - Previa A"]
[Site "Madrid ESP"]
[Date "2019.02.08"]
[Round "4.25"]
[White "Mejias Gonzalez, Pedro"]
[Black "Cruz Gonzalez, Antonio"]
[Result "0-1"]
[WhiteElo "1574"]
[BlackElo "1790"]
[PlyCount "56"]
[EventDate "2019.02.04"]
[EventType "swiss"]
[EventRounds "9"]
[EventCountry "ESP"]
[SourceTitle "Ajedrez en Madrid"]
[Source "lmi"]
[SourceDate "2019.02.04"]
[SourceVersion "1"]
[SourceVersionDate "2019.02.22"]
[SourceQuality "1"]

1. Nf3 Nf6 2. g3 g6 3. Bg2 Bg7 4. O-O c6 5. d3 d5 6. Nbd2 O-O 7. e4 dxe4 8.
dxe4 Qc7 9. Qe1 e5 10. b3 Nbd7 11. Bb2 Re8 12. Nc4 b6 13. Ncd2 Ba6 14. c4 Bb7
15. Qe2 Rad8 16. Rad1 c5 17. Nb1 Nxe4 18. Nfd2 Nxd2 19. Nxd2 Bxg2 20. Kxg2 Nb8
21. Ne4 Nc6 22. f3 Nd4 23. Bxd4 exd4 24. Qd3 f5 25. Ng5 Re3 26. Qd2 Rde8 27.
Rfe1 Qe7 28. Kf2 Qxg5 0-1

[Event "Madrid-ch 2018-2019 - Previa A"]
[Site "Madrid ESP"]
[Date "2019.02.08"]
[Round "4.26"]
[White "Jimenez Jimenez, Darfo"]
[Black "Bellagamba, Pascal"]
[Result "0-1"]
[WhiteElo "1775"]
[BlackElo "1649"]
[PlyCount "130"]
[EventDate "2019.02.04"]
[EventType "swiss"]
[EventRounds "9"]
[EventCountry "ESP"]
[SourceTitle "Ajedrez en Madrid"]
[Source "lmi"]
[SourceDate "2019.02.04"]
[SourceVersion "1"]
[SourceVersionDate "2019.02.22"]
[SourceQuality "1"]

1. e4 e5 2. Nf3 Nf6 3. Nxe5 d6 4. Nf3 Nxe4 5. Qe2 Qe7 6. d3 Nf6 7. Be3 Nc6 8.
Nc3 Bg4 9. h3 Be6 10. Ng5 Bd7 11. Nb5 O-O-O 12. Nxa7+ Nxa7 13. Bxa7 b6 14. Qxe7
Bxe7 15. Nxf7 Rhe8 16. Bxb6 cxb6 17. Nxd8 Bxd8+ 18. Kd2 Nd5 19. g3 Bf6 20. c3
Be6 21. Bg2 Nc7 22. Rhe1 Kd7 23. a3 d5 24. Re2 Kd6 25. Rae1 Rf8 26. f4 g5 27.
fxg5 Bxg5+ 28. Kd1 Rg8 29. g4 Bd7 30. b3 Nb5 31. Kc2 Nxa3+ 32. Kb2 Nb5 33. d4
Bf6 34. Rf1 Bh8 35. Rf7 Rc8 36. Rc2 h5 37. g5 Be6 38. Rh7 Bxd4 39. cxd4 Rxc2+
40. Kxc2 Bf5+ 41. Kd2 Bxh7 42. Ke3 h4 43. Bf1 Nc7 44. Kf4 Ne6+ 45. Kg4 Nxd4 46.
Kh5 Nf5 47. g6 Bg8 48. Bd3 Ke5 49. Kg5 Be6 50. b4 d4 51. b5 Ng7 52. Kxh4 Bf5
53. Be2 Bxg6 54. Kg5 Be4 55. h4 d3 56. Bd1 Ne6+ 57. Kg4 Bf5+ 58. Kf3 Nd4+ 59.
Ke3 Nxb5 60. h5 Nd4 61. h6 Bh7 62. Kd2 b5 63. Kc3 Ne2+ 64. Kb4 Kd4 65. Kxb5
Nc3+ 0-1

[Event "Madrid-ch 2018-2019 - Previa A"]
[Site "Madrid ESP"]
[Date "2019.02.08"]
[Round "4.27"]
[White "Garcia Sanz, Eduardo"]
[Black "Castro Uceda, Jose Antonio"]
[Result "1-0"]
[WhiteElo "1775"]
[BlackElo "1518"]
[PlyCount "53"]
[EventDate "2019.02.04"]
[EventType "swiss"]
[EventRounds "9"]
[EventCountry "ESP"]
[SourceTitle "Ajedrez en Madrid"]
[Source "lmi"]
[SourceDate "2019.02.04"]
[SourceVersion "1"]
[SourceVersionDate "2019.02.22"]
[SourceQuality "1"]

1. e4 c5 2. Nf3 d6 3. d4 cxd4 4. Nxd4 Nf6 5. Nc3 a6 6. h3 e6 7. Be3 Be7 8. Qd2
Nc6 9. O-O-O Qc7 10. g4 Nxd4 11. Bxd4 b5 12. g5 b4 13. gxf6 bxc3 14. Bxc3 gxf6
15. Qh6 Bb7 16. Qg7 O-O-O 17. Qxf7 Bxe4 18. Qxe6+ Rd7 19. Qxe4 Kb8 20. Bxa6 Qa7
21. Qe2 Rg8 22. Rhg1 Rg5 23. Rxg5 fxg5 24. Bd4 Qc7 25. Qb5+ Ka8 26. Qd5+ Kb8
27. Rd3 1-0

[Event "Madrid-ch 2018-2019 - Previa A"]
[Site "Madrid ESP"]
[Date "2019.02.08"]
[Round "4.28"]
[White "Caamaño Jimenez, Luis"]
[Black "Martinez Pascual, Gonzalo"]
[Result "1/2-1/2"]
[WhiteElo "1709"]
[BlackElo "1422"]
[PlyCount "104"]
[EventDate "2019.02.04"]
[EventType "swiss"]
[EventRounds "9"]
[EventCountry "ESP"]
[SourceTitle "Ajedrez en Madrid"]
[Source "lmi"]
[SourceDate "2019.02.04"]
[SourceVersion "1"]
[SourceVersionDate "2019.02.22"]
[SourceQuality "1"]

1. c4 c5 2. Nc3 Nf6 3. g3 d5 4. Bg2 dxc4 5. Qa4+ Qd7 6. Qxc4 e6 7. Qb3 Nc6 8.
Nf3 Rb8 9. d3 b6 10. O-O Bb7 11. Qd1 Be7 12. b3 O-O 13. Bb2 Nd4 14. Ne5 Qc7 15.
Bxb7 Qxb7 16. e3 Nc6 17. Nxc6 Qxc6 18. Qc2 Rbd8 19. Ne2 Qf3 20. d4 Qh5 21. Nf4
Qh6 22. Kg2 Ng4 23. h3 Nf6 24. dxc5 Bxc5 25. Rad1 Qg5 26. Rxd8 Rxd8 27. Rd1 Nd5
28. Nxd5 Rxd5 29. h4 Qh5 30. Rxd5 Qxd5+ 31. Kg1 Qd6 32. Qe4 Qd5 33. Qxd5 exd5
34. Kf1 f6 35. Ke2 Kf7 36. Kd3 Ke6 37. g4 g6 38. Bc3 a5 39. f3 f5 40. Bg7 Be7
41. Bd4 Bd8 42. a4 Kd6 43. gxf5 gxf5 44. h5 Ke7 45. Ke2 Bc7 46. Kf2 Bd8 47. Ke2
Bc7 48. Kd3 Bd8 49. f4 Bc7 50. Kc3 Kd7 51. Bg7 Ke6 52. Kd4 Bd6 1/2-1/2

[Event "Madrid-ch 2018-2019 - Previa A"]
[Site "Madrid ESP"]
[Date "2019.02.08"]
[Round "4.30"]
[White "Enriquez Pastor, Jorge"]
[Black "Martinez Miura, Enrique"]
[Result "1/2-1/2"]
[WhiteElo "1492"]
[BlackElo "1673"]
[PlyCount "74"]
[EventDate "2019.02.04"]
[EventType "swiss"]
[EventRounds "9"]
[EventCountry "ESP"]
[SourceTitle "Ajedrez en Madrid"]
[Source "lmi"]
[SourceDate "2019.02.04"]
[SourceVersion "1"]
[SourceVersionDate "2019.02.22"]
[SourceQuality "1"]

1. e4 e6 2. d4 d5 3. Nc3 dxe4 4. Nxe4 Nd7 5. Nf3 Be7 6. Be2 Ngf6 7. Nxf6+ Nxf6
8. O-O O-O 9. b3 b6 10. Bb2 Bb7 11. c4 Rc8 12. Rc1 c5 13. dxc5 Bxc5 14. Qxd8
Rfxd8 15. Rcd1 Be7 16. Nd4 a6 17. Bf3 Bxf3 18. Nxf3 Ne4 19. Rfe1 Nc5 20. Ba3
Bf8 21. Ne5 Nd3 22. Nxd3 Bxa3 23. Ne5 Bb4 24. Rf1 Bd2 25. Nf3 Bc3 26. Rxd8+
Rxd8 27. Rc1 f6 28. Kf1 Bb2 29. Rb1 Ba3 30. Re1 Kf7 31. Ke2 Bc5 32. Rc1 a5 33.
Rc2 Bb4 34. a4 Ke7 35. Nd2 f5 36. Nf3 Kf6 37. Ne1 e5 1/2-1/2

[Event "Madrid-ch 2018-2019 - Previa A"]
[Site "Madrid ESP"]
[Date "2019.02.08"]
[Round "4.31"]
[White "Marcelo De La Mata, Daniel"]
[Black "De Juan Rivas, Antonio"]
[Result "1/2-1/2"]
[WhiteElo "1649"]
[BlackElo "1541"]
[PlyCount "116"]
[EventDate "2019.02.04"]
[EventType "swiss"]
[EventRounds "9"]
[EventCountry "ESP"]
[SourceTitle "Ajedrez en Madrid"]
[Source "lmi"]
[SourceDate "2019.02.04"]
[SourceVersion "1"]
[SourceVersionDate "2019.02.22"]
[SourceQuality "1"]

1. e4 d6 2. Nf3 Nf6 3. Nc3 g6 4. d3 Bg4 5. Be3 e5 6. Be2 Bg7 7. h3 Bxf3 8. Bxf3
c6 9. Qd2 O-O 10. Bh6 d5 11. Bxg7 Kxg7 12. O-O-O d4 13. Ne2 Qb6 14. g4 Na6 15.
Ng3 Qb4 16. Nf5+ Kh8 17. Qh6 Ne8 18. a3 Qc5 19. b4 Nxb4 20. axb4 Qxb4 21. Ng3
a5 22. Qd2 Qa3+ 23. Kb1 a4 24. Qc1 Qc5 25. Qb2 Nd6 26. Ne2 Ra5 27. Ka2 Rb5 28.
Qa3 Qxc2+ 29. Ka1 Qb3 30. Qxb3 Rxb3 31. Rb1 Rxd3 32. Bg2 Rd2 33. Rb2 Rxb2 34.
Kxb2 Ra8 35. Ka3 c5 36. Rc1 Ra5 37. f4 exf4 38. Nxf4 Nb5+ 39. Ka2 Nc3+ 40. Ka3
b5 41. Nd5 b4+ 42. Nxb4 cxb4+ 43. Kxb4 Ra7 44. Kc4 a3 45. Ra1 Ra4+ 46. Kb3 a2
47. Bf3 Kg7 48. e5 Ra5 49. Kc4 Rb5 50. Rxa2 Rxe5 51. Kxd4 Nxa2 52. Kxe5 Nb4 53.
Be4 f6+ 54. Ke6 Na6 55. Kd6 Nb4 56. Bb1 Kf8 57. Kc5 Na6+ 58. Kd6 Nb4 1/2-1/2

[Event "Madrid-ch 2018-2019 - Previa A"]
[Site "Madrid ESP"]
[Date "2019.02.08"]
[Round "4.32"]
[White "Martinez Pintor, Juan"]
[Black "Abad Martin-Camuñas, Luis"]
[Result "1-0"]
[WhiteElo "1604"]
[BlackElo "1373"]
[PlyCount "35"]
[EventDate "2019.02.04"]
[EventType "swiss"]
[EventRounds "9"]
[EventCountry "ESP"]
[SourceTitle "Ajedrez en Madrid"]
[Source "lmi"]
[SourceDate "2019.02.04"]
[SourceVersion "1"]
[SourceVersionDate "2019.02.22"]
[SourceQuality "1"]

1. d4 f5 2. Nf3 Nf6 3. Bf4 d6 4. e3 e6 5. Bc4 d5 6. Bb3 Bd6 7. Bxd6 Qxd6 8. O-O
O-O 9. Nbd2 Nbd7 10. c4 c5 11. cxd5 exd5 12. dxc5 Nxc5 13. Nc4 Qd8 14. Nce5
Nxb3 15. Qxb3 Kh8 16. Rac1 Be6 17. Qxb7 Rb8 18. Qxa7 1-0

[Event "Madrid-ch 2018-2019 - Previa A"]
[Site "Madrid ESP"]
[Date "2019.02.08"]
[Round "4.33"]
[White "Martinez Martinez, Javier II"]
[Black "Diaz Del Prado, Carlos"]
[Result "1-0"]
[WhiteElo "1588"]
[BlackElo "1308"]
[PlyCount "99"]
[EventDate "2019.02.04"]
[EventType "swiss"]
[EventRounds "9"]
[EventCountry "ESP"]
[SourceTitle "Ajedrez en Madrid"]
[Source "lmi"]
[SourceDate "2019.02.04"]
[SourceVersion "1"]
[SourceVersionDate "2019.02.22"]
[SourceQuality "1"]

1. d4 Nf6 2. Bg5 d6 3. Bxf6 gxf6 4. e3 Bf5 5. Qf3 Qc8 6. e4 Bg4 7. Qc3 Bg7 8.
Nd2 Nc6 9. h3 Bd7 10. Ne2 Rg8 11. g4 e6 12. O-O-O h6 13. f4 f5 14. e5 fxg4 15.
hxg4 d5 16. Ng3 Bf8 17. Nh5 Be7 18. Rg1 Bb4 19. Qd3 Be7 20. Qh7 Rf8 21. Nb3 b6
22. Nf6+ Bxf6 23. exf6 Qb7 24. Qxh6 O-O-O 25. Qh3 Rh8 26. Qc3 Rh4 27. Rd3 Rg8
28. Rdg3 Kb8 29. Qd2 Qc8 30. Bb5 Qf8 31. Bxc6 Bxc6 32. Qc3 Kb7 33. Nd2 Qh6 34.
g5 Qg6 35. Nf3 Qe4 36. Nxh4 Qxf4+ 37. Qe3 Qxh4 38. Rg4 Qh7 39. Qg3 Qg6 40. Qh4
Ba4 41. b3 Be8 42. Qh6 a5 43. Qxg6 fxg6 44. Rh4 Bf7 45. Rh7 Rf8 46. Rgh1 Kc8
47. Rh8 Rd8 48. R1h7 Rxh8 49. Rxh8+ Kd7 50. Rf8 1-0

[Event "Madrid-ch 2018-2019 - Previa A"]
[Site "Madrid ESP"]
[Date "2019.02.08"]
[Round "4.34"]
[White "Ramos Antona, Enrique"]
[Black "Santos Rodriguez, Jose"]
[Result "1-0"]
[WhiteElo "1521"]
[BlackElo "1552"]
[PlyCount "40"]
[EventDate "2019.02.04"]
[EventType "swiss"]
[EventRounds "9"]
[EventCountry "ESP"]
[SourceTitle "Ajedrez en Madrid"]
[Source "lmi"]
[SourceDate "2019.02.04"]
[SourceVersion "1"]
[SourceVersionDate "2019.02.22"]
[SourceQuality "1"]

1. d4 Nf6 2. c4 e6 3. Nf3 Bb4+ 4. Bd2 Bxd2+ 5. Nbxd2 d5 6. Qc2 O-O 7. e3 b6 8.
cxd5 exd5 9. b4 Bb7 10. Rc1 c6 11. Ne5 Qd6 12. Ndf3 Qxb4+ 13. Qc3 Qxc3+ 14.
Rxc3 Rc8 15. Bd3 Nbd7 16. Bf5 Nxe5 17. Bxc8 Nxf3+ 18. gxf3 Rxc8 19. Kd2 c5 20.
Rhc1 c4 1-0